| 000 | 00721nam a2200205 i 4500 | ||
|---|---|---|---|
| 001 | 124972 | ||
| 003 | ES-MaACL | ||
| 005 | 20230906192529.0 | ||
| 007 | t| | ||
| 008 | 070425s1943 sp a |||| |dspa d | ||
| 245 | 0 | 0 |
_aHomenaje a la memoria de Inocencio Jiménez _b: celebrado en Zaragoza el 10 de octubre de 1942. |
| 260 |
_aMadrid : _b[s.n.], _c1943. |
||
| 300 |
_a29 p. : _bil. ; _c21 cm. |
||
| 490 | 1 |
_aPublicaciones del Instituto Nacional de Previsión ; _v555 |
|
| 700 | 1 |
_aJiménez, Inocencio. _966409 |
|
| 710 | 2 |
_aInstituto Nacional de Previsión (España) _95180 |
|
| 830 | 0 |
_aPublicaciones del Instituto Nacional de Previsión ; _v555 _9181151 |
|
| 852 |
_aES-MaACL _jC-12631(14) |
||
| 999 |
_c124972 _d124972 |
||